Statistics for Capital of each german state (Bundesland)

Click here to take the quiz!

General Stats

  • This quiz has been taken 44 times
  • The average score is 13 of 16

Answer Stats

State / BundeslandCapital% Correct
BerlinBerlin
100%
BavariaMunich
100%
BremenBremen
97%
SaxonyDresden
97%
HamburgHamburg
97%
Baden-WürttembergStuttgart
91%
Lover SaxonyHanover
88%
North Rhine-WestphaliaDüsseldorf
85%
SaarlandSaarbrücken
85%
Schleswig-HolsteinKiel
82%
BrandenburgPotsdam
79%
ThuringiaErfurt
65%
Rhineland-PalatinateMainz
62%
HesseWiesbaden
62%
Saxony-AnhaltMagdeburg
56%
Mecklenburg-Western PomeraniaSchwerin
56%

Score Distribution

Percentile by Number Answered

Percent of People with Each Score

Your Score History

You have not taken this quiz